000 00537nam a2200229Ia 4500
003 OSt
005 20220924153303.0
006 a|||||r|||| 00| 0
007 ta
008 220923b |||||||| |||| 00| 0 guj d
024 _a347549
037 _cTextual
040 _aARTS
_cARTS
_bguj
041 _2guj
_aguj
082 _aV2N57, 156K6
100 _aDesai
_9108896
245 0 _aShanti sena
260 _c1966
650 _aHISTORY
942 _hV2N57, 156K6
_cTEXL
_2CC
999 _c473031
_d473031